Statistics for You Figure It Out! #10

Click here to take the quiz!

General Stats

  • This quiz has been taken 21 times
  • The average score is 13 of 15

Answer Stats

BIGGEST% Correct
Beijing
100%
Tokyo
100%
Shanghai
95%
Jakarta
89%
Mumbai
89%
New Delhi
89%
New York City
89%
Manila
84%
Seoul
84%
Guangzhou
79%
Lagos
74%
Mexico City
74%
São Paulo
74%
Cairo
68%
Dhaka
63%

Score Distribution

Percentile by Number Answered

Percent of People with Each Score

Your Score History

You have not taken this quiz